000 00894nam a22001937a 4500
003 OSt
005 20260122193957.0
008 230308b ||||| |||| 00| 0 eng d
040 _cOst
041 _ashan
082 _a294.34433
245 _aပပ်ႉထမ်းမထတ်ႉလႄႈသုတ်ႈမူၼ်း (လၢၼ်ႉလႃး) ဝတ်ႉၶေမႃးရၢမ်းၸဵင်းတုင်၊ ၼၵွၼ်းယၼ်ႇၵုင်ႇ
_cၸဝ်ႈသႂႃတိသႅင်ပၺ်ၺႃသႃမိ၊ ၸဝ်ႈတုႁွင်ၶမ်းသေႃးၽိတ၊ ၸဝ်ႈတုယီႈၼူၼ်းၸဝၼ ထတ်း-
260 _c2008
300 _aၺ၊ 712 ၼႃႈ
_c22 ၸိၼ်ႇထီႇ
500 _aS-SAT: Dr. Prof Sai Aung Tun
650 _aထမ်းဝႆႈၽြႃး
_920673
942 _cBK1
942 _2ddc
999 _c22987
_d22987